000 04997cgm a2201045 i 4500
001 on1518442192
003 OCoLC
005 20251117142427.0
007 vd csaizq
008 250505t20252025cau137 e vleng d
024 1 _a883929835676
024 1 _a883929835775
024 1 _a883929835782
028 4 2 _a1000844569
_bWarner Bros.
028 4 2 _a3000099954
_bWarner Bros.
028 4 2 _a2000188884
_bWarner Bros.
028 4 2 _a18026812
035 _a(OCoLC)1518442192
037 _bMidwest Tape
_nhttp://www.midwesttapes.com
040 _aTEFMT
_beng
_erda
_cTEFMT
_dTEF
_dTEFMT
_dOCLCO
_dOCLCA
_dTEFMT
_dCQA
_dINO
_dOCLCO
_dJBU
_dIUK
_dOCLCO
041 1 _aeng
_afre
_aita
_aspa
_heng
043 _an-usu--
046 _k2025
_2edtf
049 _aWACL
050 4 _aPN1997.2
_b.S56 2025
082 0 4 _a791.43/72
_223/eng/20250527
092 _amovie
_bsinners
245 0 0 _aSinners
_h[videorecording] /
_cdirected by Ryan Coogler.
257 _aUnited States
264 1 _a[Burbank, California] :
_bWarner Bros. Entertainment Inc.,
_c[2025]
300 _a1 videodisc (137 min.) :
_bsound, color ;
_c4 3/4 in.
306 _a021700
336 _atwo-dimensional moving image
337 _avideo
338 _avideodisc
340 _b4 3/4 in.
500 _aOriginally released as a motion picture in 2025.
500 _aWide screen (variable 2.76:1 & 1.78:1).
500 _aSpecial features: Dancing with the devil, the making of Sinners; Blues in the night, the music of Sinners; Thicker than blood, becoming the Smokestack twins; Spirits of the Deep South; Wages of sin, the creature FX of Sinners; Deleted scenes.
508 _aDirector of photography, Autumn Durald Arkapaw ; production designer, Hannah Beachler ; edited by Michael P. Shawver ; music by Ludwig Göransson ; costumes designed by Ruth E. Carter ; Choreographer, Aakomon Jones.
511 1 _aMichael B. Jordan, Hailee Steinfeld, Miles Caton, Jack O'Connell, Wunmi Mosaku, Jayme Lawson, Omar Miller, Buddy Guy, Delroy Lindo.
520 _aTrying to leave their troubled lives behind, twin brothers return to their hometown to start again, only to discover that an even greater evil is waiting to welcome them back.
521 8 _aMPA rating: R; for strong bloody violence, sexual content and language.
521 8 _aCHV Rating: 14A.
546 _aEnglish, French, Italian or Spanish dialogue; French or Spanish subtitles; English or Italian subtitles for the deaf and hard of hearing (SDH); English described video (US or UK).
650 0 _aTwins
_vDrama.
_95692887
650 0 _aBrothers
_vDrama.
_95708957
650 0 _aHomecoming
_vDrama.
_96423313
650 0 _aAfrican Americans
_vDrama.
_95771144
650 0 _aVampires
_vDrama.
_95684797
651 0 _aSouthern States
_vDrama.
_95726237
655 7 _aHorror films.
_2lcgft
655 7 _aHistorical films.
_2lcgft
655 7 _aParanormal films.
_2lcgft
655 7 _aFeature films.
_2lcgft
655 7 _aFiction films.
_2lcgft
655 7 _aVideo recordings for the hearing impaired.
_2lcgft
655 7 _aVideo recordings for people with visual disabilities.
_2lcgft
_95676923
655 7 _aFilms d'horreur.
_2rvmgf
_96445059
655 7 _aFilms historiques.
_2rvmgf
_96443666
655 7 _aFilms occultes.
_2rvmgf
_96489806
655 7 _aFilms de fiction.
_2rvmgf
_95762020
700 1 _aCoogler, Ryan,
_d1986-
_efilm director,
_escreenwriter,
_efilm producer.
_95974332
700 1 _aCoogler, Zinzi,
_efilm producer.
_96548278
700 1 _aOhanian, Sev,
_efilm producer.
_96548279
700 1 _aJordan, Michael B.
_q(Michael Bakari),
_d1987-
_eactor.
_95887875
700 1 _aSteinfeld, Hailee,
_eactor.
_95742378
700 1 _aCaton, Miles,
_eactor.
_96548280
700 1 _aO'Connell, Jack,
_d1990-
_eactor.
_96492266
700 1 _aMosaku, Wunmi,
_eactor.
_95742436
700 1 _aLawson, Jayme,
_d1997-
_eactor.
_96548281
700 1 _aMiller, Omar Benson,
_eactor.
_969375
700 1 _aGuy, Buddy,
_eactor.
_96548282
700 1 _aLindo, Delroy,
_d1952-
_eactor.
_963567
700 1 _aDurald Arkapaw, Autumn,
_d1979-
_edirector of photography.
_96548283
700 1 _aBeachler, Hannah,
_eart director.
_96548284
700 1 _aShawver, Michael P.,
_eeditor of moving image work.
_96264929
700 1 _aGöransson, Ludwig,
_d1984-
_ecomposer (expression)
_95887879
700 1 _aCarter, Ruth E.,
_d1960-
_ecostume designer.
_96548285
700 1 _aJones, Aakomon,
_echoreographer.
_96548286
710 2 _aWarner Bros. Pictures (1969- ),
_epresenter.
_968691
710 2 _aDomain Entertainment,
_epresenter.
_96538289
710 2 _aProximity Media,
_eproduction company.
_96548287
710 2 _aWarner Bros. Entertainment,
_epublisher.
_952548
730 0 2 _aSinners (Motion picture)
_96548288
730 0 2 _aSinners (Motion picture).
_lFrench.
_96548289
730 0 2 _aSinners (Motion picture).
_lItalian.
_96548290
730 0 2 _aSinners (Motion picture).
_lSpanish.
_96548291
942 _2ddc
_cDVD
999 _c409710
_d409710